000 00472nam a2200181Ia 4500
005 20250423095923.0
008 250422s9999 xx 000 0 und d
020 _a8171695256
050 _aDS 485.K27 .G36/
100 _aGanjoo, S.K.
245 0 _aKashmir, history and politics
260 _aNew Delhi
260 _bCommonwealth Publishers Ltd.
260 _c2019
300 _a296 p
650 _aJammu and Kashmir (India)--History--20th century.
942 _cBK
999 _c31737
_d31737